A Listening/ speaking skills book, mosaic two

Wedi'i Gadw mewn:
Manylion Llyfryddiaeth
Fformat: Llyfr
Cyhoeddwyd: 1997
Tagiau: Ychwanegu Tag
Dim Tagiau, Byddwch y cyntaf i dagio'r cofnod hwn!
Thư viện lưu trữ: Mạng thư viện Đại học Đà Nẵng
LEADER 00457nam a22001811a 4500
001 000037629
003 13924
005 20160412020416.0
008 160412s1997 000
082 |a 4A(07)956 
245 |a A Listening/ speaking skills book, mosaic two  |c Elizabeth Whalley 
260 |c 1997 
OWN |a LNN 
999 |a From the UDN01 
TYP |a Monograph 
980 |a Mạng thư viện Đại học Đà Nẵng